<?xml version="1.0" encoding="UTF-8"?>
<record
    xmlns:xsi="http://www.w3.org/2001/XMLSchema-instance"
    xsi:schemaLocation="http://www.loc.gov/MARC21/slim http://www.loc.gov/standards/marcxml/schema/MARC21slim.xsd"
    xmlns="http://www.loc.gov/MARC21/slim">

  <leader>01411nam2a2200325   4500</leader>
  <controlfield tag="001">RU\NLR\bibl\1310341</controlfield>
  <controlfield tag="005">20250615153839.0</controlfield>
  <datafield tag="010" ind1=" " ind2=" ">
    <subfield code="a">978-5-486-023662-0</subfield>
    <subfield code="b">&#x442;. 10</subfield>
    <subfield code="9">11000</subfield>
  </datafield>
  <datafield tag="021" ind1=" " ind2=" ">
    <subfield code="a">RU</subfield>
    <subfield code="b">2008-86941</subfield>
    <subfield code="9">5075</subfield>
  </datafield>
  <datafield tag="035" ind1=" " ind2=" ">
    <subfield code="a">(NLR Aleph) 001295804</subfield>
  </datafield>
  <datafield tag="090" ind1=" " ind2=" ">
    <subfield code="a">587877</subfield>
    <subfield code="c">587877</subfield>
  </datafield>
  <datafield tag="100" ind1=" " ind2=" ">
    <subfield code="a">20081219d2008    |||y0rusy50      ca</subfield>
  </datafield>
  <datafield tag="101" ind1="0" ind2=" ">
    <subfield code="a">rus</subfield>
    <subfield code="c">fre</subfield>
  </datafield>
  <datafield tag="102" ind1=" " ind2=" ">
    <subfield code="a">RU</subfield>
  </datafield>
  <datafield tag="105" ind1=" " ind2=" ">
    <subfield code="a">a   |||||||||</subfield>
  </datafield>
  <datafield tag="135" ind1=" " ind2=" ">
    <subfield code="a">crmn mmmancda</subfield>
  </datafield>
  <datafield tag="200" ind1="0" ind2=" ">
    <subfield code="a">&#x427;. 6</subfield>
    <subfield code="f">[&#x43F;&#x435;&#x440;. &#x41D;. &#x41B;&#x438;&#x431;&#x435;&#x440;&#x43C;&#x430;&#x43D;</subfield>
    <subfield code="g">&#x43A;&#x43E;&#x43C;&#x43C;&#x435;&#x43D;&#x442;. &#x421;. &#x412;&#x430;&#x43B;&#x43E;&#x432;&#x430;]</subfield>
  </datafield>
  <datafield tag="210" ind1=" " ind2=" ">
    <subfield code="d">2008</subfield>
    <subfield code="a">&#x411;. &#x43C;.</subfield>
  </datafield>
  <datafield tag="215" ind1=" " ind2=" ">
    <subfield code="a">302, [1] &#x441;.</subfield>
  </datafield>
  <datafield tag="325" ind1=" " ind2=" ">
    <subfield code="a">&#x41A;&#x43E;&#x43F;&#x438;&#x44F; &#x434;&#x43E;&#x441;&#x442;&#x443;&#x43F;&#x43D;&#x430; &#x432; &#x42D;&#x43B;&#x435;&#x43A;&#x442;&#x440;&#x43E;&#x43D;. &#x431;-&#x43A;&#x435; &#x420;&#x41D;&#x411;</subfield>
  </datafield>
  <datafield tag="461" ind1=" " ind2="0">
    <subfield code="1">001RU\NLR\bibl\1340692</subfield>
    <subfield code="1">2001#$a&#x412;&#x438;&#x43A;&#x43E;&#x43D;&#x442; &#x434;&#x435; &#x411;&#x440;&#x430;&#x436;&#x435;&#x43B;&#x43E;&#x43D;, &#x438;&#x43B;&#x438; &#x414;&#x435;&#x441;&#x44F;&#x442;&#x44C; &#x43B;&#x435;&#x442; &#x441;&#x43F;&#x443;&#x441;&#x442;&#x44F;$v&#x427;. 6</subfield>
    <subfield code="9">769263</subfield>
    <subfield code="a">&#x414;&#x44E;&#x43C;&#x430;, &#x410;. (&#x43E;&#x442;&#x435;&#x446; ; 1802-1870)</subfield>
    <subfield code="c">&#x41C;&#x43E;&#x441;&#x43A;&#x432;&#x430;</subfield>
    <subfield code="d">2008</subfield>
    <subfield code="f">&#x410;. &#x414;&#x44E;&#x43C;&#x430;</subfield>
    <subfield code="n">&#x41C;&#x438;&#x440; &#x43A;&#x43D;&#x438;&#x433;&#x438;</subfield>
    <subfield code="o">&#x440;&#x43E;&#x43C;&#x430;&#x43D;</subfield>
    <subfield code="t">&#x412;&#x438;&#x43A;&#x43E;&#x43D;&#x442; &#x434;&#x435; &#x411;&#x440;&#x430;&#x436;&#x435;&#x43B;&#x43E;&#x43D;, &#x438;&#x43B;&#x438; &#x414;&#x435;&#x441;&#x44F;&#x442;&#x44C; &#x43B;&#x435;&#x442; &#x441;&#x43F;&#x443;&#x441;&#x442;&#x44F;</subfield>
    <subfield code="y">978-5-486-02145-9</subfield>
    <subfield code="v">&#x427;. 6</subfield>
  </datafield>
  <datafield tag="801" ind1=" " ind2="0">
    <subfield code="a">RU</subfield>
    <subfield code="b">NLR</subfield>
    <subfield code="c">20081219</subfield>
    <subfield code="g">RCR</subfield>
  </datafield>
  <datafield tag="801" ind1=" " ind2="1">
    <subfield code="a">RU</subfield>
    <subfield code="b">NLR</subfield>
    <subfield code="c">20081219</subfield>
  </datafield>
  <datafield tag="942" ind1=" " ind2=" ">
    <subfield code="c">BOOK</subfield>
  </datafield>
  <datafield tag="980" ind1=" " ind2=" ">
    <subfield code="a">NB</subfield>
  </datafield>
  <datafield tag="981" ind1="3" ind2="3">
    <subfield code="a">(33) &#x425;&#x443;&#x434;&#x43E;&#x436;&#x435;&#x441;&#x442;&#x432;&#x435;&#x43D;&#x43D;&#x430;&#x44F; &#x43B;&#x438;&#x442;&#x435;&#x440;&#x430;&#x442;&#x443;&#x440;&#x430;</subfield>
    <subfield code="b">(33) &#x417;&#x430;&#x440;&#x443;&#x431;&#x435;&#x436;&#x43D;&#x430;&#x44F; &#x43B;&#x438;&#x442;&#x435;&#x440;&#x430;&#x442;&#x443;&#x440;&#x430;</subfield>
  </datafield>
  <datafield tag="995" ind1=" " ind2=" ">
    <subfield code="5">2008-12-19</subfield>
    <subfield code="a">ad</subfield>
    <subfield code="b">NLR01</subfield>
    <subfield code="c">NLR01</subfield>
    <subfield code="e">RF9</subfield>
    <subfield code="f">2819030</subfield>
    <subfield code="k">2008-3/30955</subfield>
    <subfield code="o">0</subfield>
    <subfield code="r">BOOK</subfield>
    <subfield code="s">2008330955_</subfield>
  </datafield>
  <datafield tag="995" ind1=" " ind2=" ">
    <subfield code="5">2008-12-19</subfield>
    <subfield code="a">ad</subfield>
    <subfield code="b">NLR01</subfield>
    <subfield code="c">NLR01</subfield>
    <subfield code="e">RF9</subfield>
    <subfield code="f">2819031</subfield>
    <subfield code="k">2008-3/30955</subfield>
    <subfield code="o">0</subfield>
    <subfield code="r">BOOK</subfield>
    <subfield code="s">2008330955_</subfield>
  </datafield>
</record>
